<?xml version="1.0" encoding="UTF-8"?><?xml-stylesheet type="text/xsl" href="static/style.xsl"?><OAI-PMH xmlns="http://www.openarchives.org/OAI/2.0/" xmlns:xsi="http://www.w3.org/2001/XMLSchema-instance" xsi:schemaLocation="http://www.openarchives.org/OAI/2.0/ http://www.openarchives.org/OAI/2.0/OAI-PMH.xsd"><responseDate>2026-04-13T07:49:50Z</responseDate><request verb="GetRecord" identifier="oai:www.recercat.cat:11351/7288" metadataPrefix="marc">https://recercat.cat/oai/request</request><GetRecord><record><header><identifier>oai:recercat.cat:11351/7288</identifier><datestamp>2025-10-24T10:26:31Z</datestamp><setSpec>com_2072_378070</setSpec><setSpec>com_2072_378040</setSpec><setSpec>col_2072_378092</setSpec></header><metadata><record xmlns="http://www.loc.gov/MARC21/slim" xmlns:dcterms="http://purl.org/dc/terms/" xmlns:xsi="http://www.w3.org/2001/XMLSchema-instance" xmlns:doc="http://www.lyncode.com/xoai" xsi:schemaLocation="http://www.loc.gov/MARC21/slim http://www.loc.gov/standards/marcxml/schema/MARC21slim.xsd">
   <leader>00925njm 22002777a 4500</leader>
   <datafield ind2=" " ind1=" " tag="042">
      <subfield code="a">dc</subfield>
   </datafield>
   <datafield ind2=" " ind1=" " tag="720">
      <subfield code="a">Pujol Alarcón, Oriol</subfield>
      <subfield code="e">author</subfield>
   </datafield>
   <datafield ind2=" " ind1=" " tag="720">
      <subfield code="a">Mimendia Sancho, Iñaki</subfield>
      <subfield code="e">author</subfield>
   </datafield>
   <datafield ind2=" " ind1=" " tag="720">
      <subfield code="a">Martin-Dominguez, Lidia</subfield>
      <subfield code="e">author</subfield>
   </datafield>
   <datafield ind2=" " ind1=" " tag="720">
      <subfield code="a">Amat Mateu, Carles</subfield>
      <subfield code="e">author</subfield>
   </datafield>
   <datafield ind2=" " ind1=" " tag="720">
      <subfield code="a">Barro Ojeda, Victor</subfield>
      <subfield code="e">author</subfield>
   </datafield>
   <datafield ind2=" " ind1=" " tag="260">
      <subfield code="c">2022-03-31T10:49:29Z</subfield>
   </datafield>
   <datafield ind2=" " ind1=" " tag="260">
      <subfield code="c">2022-03-31T10:49:29Z</subfield>
   </datafield>
   <datafield ind2=" " ind1=" " tag="260">
      <subfield code="c">2021-03</subfield>
   </datafield>
   <datafield ind2=" " ind1=" " tag="520">
      <subfield code="a">Luxació; Mobilitat dual; Encefalopatia hepàtica</subfield>
   </datafield>
   <datafield ind2=" " ind1=" " tag="520">
      <subfield code="a">Dislocación; Movilidad dual; Encefalopatía hepática</subfield>
   </datafield>
   <datafield ind2=" " ind1=" " tag="520">
      <subfield code="a">Dislocation; Dual mobility; Hepatic encephalopathy</subfield>
   </datafield>
   <datafield ind2=" " ind1=" " tag="520">
      <subfield code="a">Introduction and importance&#xd;
Dislocation is a severe complication after total hip arthroplasty (THA). It is one of the most common reasons for failure and revision surgery. This is the first case of a documented simultaneous bilateral dual mobility (DM) THA dislocation.&#xd;
Case presentation&#xd;
A forty-nine-year-old man presented with bilateral hip pain, immobility and deformity. X-ray images demonstrated simultaneous bilateral posterior THA dislocation. Previously, the patient had presented atraumatic dislocations recurrently. When he was thoroughly re-interrogated, he complained of uncontrolled and generalized muscle contractions, which were compatible with myoclonus due to hepatic encephalopathy (HE). Multidisciplinary treatment was performed satisfactorily to control myoclonus symptomatology and to prevent dislocation.&#xd;
Clinical discussion&#xd;
Patient’s most important risk factor was a neuromuscular disorder, which we initially gave little notice and undervalued. HE is a serious but reversible syndrome, observed in patients with liver dysfunction. It leads to a wide spectrum of neuropsychiatric abnormalities. Management is based on prevention of episodes, avoiding the underlying triggers.&#xd;
Due to the high risk for dislocation of our patient, we decided to use DM cups bilaterally. This system has demonstrated lower rates of dislocation.&#xd;
Conclusion&#xd;
This case report reminds us that a careful evaluation through meticulous history and physical examination are mandatory when faced with recurrent instability. Furthermore, prevention of dislocation is vastly preferable to treating this challenging complication. High-risk patients should be identified, and appropriate surgical approach, technique and implants have to be collectively used to reach a strategy that mitigates and ideally prevents dislocation.</subfield>
   </datafield>
   <datafield ind1="8" ind2=" " tag="024">
      <subfield code="a">http://hdl.handle.net/11351/7288</subfield>
   </datafield>
   <datafield tag="653" ind2=" " ind1=" ">
      <subfield code="a">Encefalopatia hepàtica</subfield>
   </datafield>
   <datafield tag="653" ind2=" " ind1=" ">
      <subfield code="a">Artroplàstia total de maluc - Complicacions</subfield>
   </datafield>
   <datafield tag="653" ind2=" " ind1=" ">
      <subfield code="a">Articulació coxofemoral - Luxació</subfield>
   </datafield>
   <datafield tag="653" ind2=" " ind1=" ">
      <subfield code="a">ANALYTICAL, DIAGNOSTIC AND THERAPEUTIC TECHNIQUES, AND EQUIPMENT::Surgical Procedures, Operative::Orthopedic Procedures::Arthroplasty::Arthroplasty, Replacement::Arthroplasty, Replacement, Hip</subfield>
   </datafield>
   <datafield tag="653" ind2=" " ind1=" ">
      <subfield code="a">Other subheadings::Other subheadings::Other subheadings::/adverse effects</subfield>
   </datafield>
   <datafield tag="653" ind2=" " ind1=" ">
      <subfield code="a">DISEASES::Wounds and Injuries::Joint Dislocations::Wounds and Injuries::Hip Dislocation</subfield>
   </datafield>
   <datafield tag="653" ind2=" " ind1=" ">
      <subfield code="a">DISEASES::Nervous System Diseases::Central Nervous System Diseases::Brain Diseases::Brain Diseases, Metabolic::Hepatic Encephalopathy</subfield>
   </datafield>
   <datafield tag="653" ind2=" " ind1=" ">
      <subfield code="a">TÉCNICAS Y EQUIPOS ANALÍTICOS, DIAGNÓSTICOS Y TERAPÉUTICOS::intervenciones quirúrgicas::procedimientos ortopédicos::artroplastia::artroplastia de sustitución::artroplastia de sustitución de cadera</subfield>
   </datafield>
   <datafield tag="653" ind2=" " ind1=" ">
      <subfield code="a">Otros calificadores::Otros calificadores::Otros calificadores::/efectos adversos</subfield>
   </datafield>
   <datafield tag="653" ind2=" " ind1=" ">
      <subfield code="a">ENFERMEDADES::heridas y lesiones::luxaciones articulares::heridas y lesiones::luxación de la cadera</subfield>
   </datafield>
   <datafield tag="653" ind2=" " ind1=" ">
      <subfield code="a">ENFERMEDADES::enfermedades del sistema nervioso::enfermedades del sistema nervioso central::enfermedades cerebrales::enfermedades cerebrales metabólicas::encefalopatía hepática</subfield>
   </datafield>
   <datafield ind2="0" ind1="0" tag="245">
      <subfield code="a">Simultaneous bilateral dual mobility total hip arthroplasty dislocation in a patient with hepatic encephalopathy: A case report</subfield>
   </datafield>
</record></metadata></record></GetRecord></OAI-PMH>